परमपुरूष श्री श्री रामकृष्ण (Record no. 2804)

MARC details
000 -LEADER
fixed length control field 01678 a2200289 4500
005 - DATE AND TIME OF LATEST TRANSACTION
control field 2008091008158.0
008 - FIXED-LENGTH DATA ELEMENTS--GENERAL INFORMATION
fixed length control field 080910t xxu||||| |||| 00| 0 hin d
010 ## - LIBRARY OF CONGRESS CONTROL NUMBER
LC control number HIN-79469-70
020 ## - INTERNATIONAL STANDARD BOOK NUMBER
International Standard Book Number 8170563917
Terms of availability 500.00
020 ## - INTERNATIONAL STANDARD BOOK NUMBER
International Standard Book Number 8170563925
Terms of availability 500.00
035 ## - SYSTEM CONTROL NUMBER
System control number HN-51815-16
037 ## - SOURCE OF ACQUISITION
Source of stock number/acquisition D.B.Act / pub
082 ## - DEWEY DECIMAL CLASSIFICATION NUMBER
Classification number 181.45
100 ## - MAIN ENTRY--PERSONAL NAME
Personal name सेनगुप्ता, अचिन्त्यकुमार
245 ## - TITLE STATEMENT
Title परमपुरूष श्री श्री रामकृष्ण
Statement of responsibility, etc अचिन्त्यकुमार सेनगुप्ता अनुवादक शान्ति भार्गव
246 ## - VARYING FORM OF TITLE
Title proper/short title Parampurush Sri Sri Ramkrishna
Remainder of title By Achintyakumar Sen Gupta
260 ## - PUBLICATION, DISTRIBUTION, ETC. (IMPRINT)
Place of publication, distribution, etc जयपुर
Name of publisher, distributor, etc पंचशील प्रकाशन
Date of publication, distribution, etc 2007
270 ## - ADDRESS
Address फिल्म कालोनी,चौड़ा रास्ता
City जयपुर
Postal code 302003(राज.)
Telephone number 2315072
Fax number 5113854
Electronic mail address panchsheel_j@sify.com
300 ## - PHYSICAL DESCRIPTION
Extent 2भाग (394पः434पृ)
Dimensions 22 सेमी (सजिल्द)
500 ## - GENERAL NOTE
General note दो भागो में प्रकाशित
650 ## - SUBJECT ADDED ENTRY--TOPICAL TERM
Topical term or geographic name as entry element जीवनी
650 ## - SUBJECT ADDED ENTRY--TOPICAL TERM
Topical term or geographic name as entry element Biography
700 ## - ADDED ENTRY--PERSONAL NAME
Personal name भार्गव, शान्ति
942 ## - ADDED ENTRY ELEMENTS (KOHA)
Institution code [OBSOLETE] dpl
Koha item type Hindi Books
Call number prefix 181.45 / सेनगु
Source of classification or shelving scheme Dewey Decimal Classification
Classification part 181.45
Call number suffix सेनगु
Holdings
Withdrawn status Lost status Damaged status Not for loan Home library Current library Date acquired Cost, normal purchase price Total Checkouts Total Renewals Full call number Barcode Date last seen Copy number Uniform Resource Identifier Cost, replacement price Price effective from Koha item type
        D.B.Act.Division D.B.Act.Division 10/09/2008 500.00     181.45 सेनगु HN-51815 15/09/2008 1 3094 500.00 15/09/2008 Hindi Books
        D.B.Act.Division D.B.Act.Division 10/09/2008 500.00     181.45 सेनगु HN-51816 15/09/2008 1 3095 500.00 15/09/2008 Hindi Books

© Delhi Public Library
Hit Counter
free hit counter